000 02314nam0a2200373 4500
001 RU\NLR\bibl\969934
005 20260405111544.0
010 _a5-86911-582-5
_9100
021 _aRU
_b2006-37165
_91865
035 _a(NLR Aleph) 000957901
090 _a320867
_c320867
100 _a20060724d2006 |||y0rusy50 ca
101 0 _arus
102 _aRU
105 _aa |||||||||
200 1 _aОрганизационное поведение
_dOrganizational behaviour
_eучебное пособие
_e[для студентов, обучающихся по программам подготовки магистров по направлениям "Менеджмент", "Экономика", а также для студентов экономических специальностей высших учебных заведений]
_fП. Кук, Л.В. Ситникова, И.Г. Сергеева
_gФедер. агентство по образованию, Гос. образоват. учреждение высш. проф. образования Уфим. гос. авиац. техн. ун-т
_zeng
210 _aУфа
_cГОУ ВПО Уфимский государственный авиационный технический университет
_d2006
215 _a184 с.
_cил.
_d21
300 _aАвт. также на англ. яз.: P. Cook, L.V. Sitnikova, I.G. Sergeeva
320 _aБиблиогр.: с. 184 (19 назв.)
510 0 _6z11790
_aOrganizational behaviour
_zeng
606 1 _aОрганизационное поведение
_jУчебные издания для высших учебных заведений
_92078800
_3RU\NLR\auth\661254665
686 _aС550.373я73
700 1 _4070
_8rus
_7ca
_aКук
_bП.
_gПитер
_3RU\NLR\auth\7742498
_925442
701 1 _4070
_8rus
_7ca
_aСитникова
_bЛ. В.
_gЛариса Владимировна
_3RU\NLR\auth\7742488
_925432
701 1 _4070
_8rus
_7ca
_aСергеева
_bИ. Г.
_cканд. техн. наук
_gИрина Геннадьевна
_3RU\NLR\auth\7742479
_925423
790 1 _4070
_8eng
_7ba
_aCook
_bP.
_3RU\NLR\auth\7742499
_925443
801 0 _aRU
_bNLR
_c20060724
_grcr
801 1 _aRU
_bNLR
_c20060724
830 _aАвт. по кн.
942 _cBOOK
980 _aNB
980 _aNBR